00973nam a22001937a 450000500170000000800410001702000180005804100080007608200190008411000470010324202400015024501850039026000600057530000370063550400470067265000400071971000100075971000100076920140303114336.0140303t2012 io abd grf 00| 0 eng d a9786028693899 aeng a333.7316bC56p2 aCenter for International Forestry Research aGuía practica para el sustento socio-económico, permanencia en la tierra y encuentas sobre derechos para uso colaborativo en ecosistemas basados en el uso y planeamiento de la tierracCenter for International Forestry Researchyspa aPractical guide for socio-economic livelihood, land tenure and rights surveys for use in collaborative ecosystem-based land use planningcCenter for International Forestry Research aBogorbCenter for International Forestry Researchc2012 a92 p.bil., tablas, mapasc25 cm aIncluye bibliografía (páginas 91 y 92) 4aEncuestasvGuíaxUso de la Tierra2 aCIRAD2 aEFECA